000 00439nam a22001577a 4500
999 _c533047
_d533047
003 NUST
005 20191211114149.0
008 191211b ||||| |||| 00| 0 eng d
038 _aMSOHAIL
082 _a625.8 TRB
100 _aTRB
_919556
245 _aPavement Design Management and Performance , Non Destructive Deflection Testing and Back-calculation for Pavement
260 _aTRB
_cc1991
300 _a199;p;
942 _2ddc
_cBK